[Event "Barcelona Tres Peons-B 45th"]
[Site "Barcelona"]
[Date "2016.04.29"]
[Round "3.2"]
[White "Jimenez Munoz, Nicolas"]
[Black "Castellanos Rodriguez, Roberto L"]
[Result "1/2-1/2"]
[WhiteElo "1479"]
[BlackElo "1943"]
[PlyCount "113"]
[EventDate "2016.04.15"]
[EventType "swiss"]
[EventRounds "9"]
[EventCountry "ESP"]
[SourceTitle "EXT 2024"]
[Source "ChessBase"]
[SourceDate "2023.10.10"]
[SourceVersion "1"]
[SourceVersionDate "2023.10.10"]
[SourceQuality "1"]

1. e4 g6 2. d4 Bg7 3. Nf3 a6 4. Bc4 b5 5. Bb3 Bb7 6. 0-0 d6 7. Re1 Nf6 8. Nbd2 e6 9. a4 Nbd7 10. axb5 axb5 11. Rxa8 Qxa8 12. Qe2 Ba6 13. c3 0-0 14. Bc2 c5 15. Bd3 c4 16. Bc2 d5 17. e5 Ne8 18. h4 Nc7 19. Nf1 f5 20. Bf4 Qc6 21. Qd2 Rb8 22. Ng3 Nf8 23. h5 Qd7 24. h6 Bh8 25. Ne2 b4 26. Ra1 b3 27. Bd1 Bc8 28. Qc1 Qb5 29. Ra7 Qb6 30. Qa1 Na6 31. Re7 Bd7 32. Ng5 Rb7 33. Nf7 Ra7 34. Nd6 Nb8 35. Qc1 Nc6 36. Rf7 Ra8 37. Bg5 Be8 38. Rb7 Qa6 39. Ng3 Bd7 40. Kh2 Nxe5 41. dxe5 Bxe5 42. Be7 Bxd6 43. Bxf8 Bxg3+ 44. Kxg3 Qxb7 45. Be7 Bc8 46. Qg5 Ra7 47. Bc5 Kf7 48. Qd8 e5 49. Qf8+ Ke6 50. Qe8+ Kf6 51. Bf8 Qb8 52. Bg7+ Rxg7 53. hxg7 Kxg7 54. Qe7+ Kg8 55. Qe8+ Kg7 56. Qe7+ Kg8 57. Qe8+ 1/2-1/2

[Event "Barcelona Tres Peons-B 45th"]
[Site "Barcelona"]
[Date "2016.04.15"]
[Round "1.1"]
[White "Castellanos Rodriguez, Roberto L"]
[Black "Cespedes Llaverias, Llibert"]
[Result "1-0"]
[WhiteElo "1943"]
[BlackElo "1774"]
[PlyCount "93"]
[EventDate "2016.04.15"]
[EventType "swiss"]
[EventRounds "9"]
[EventCountry "ESP"]
[SourceTitle "EXT 2024"]
[Source "ChessBase"]
[SourceDate "2023.10.10"]
[SourceVersion "1"]
[SourceVersionDate "2023.10.10"]
[SourceQuality "1"]

1. Nf3 Nf6 2. g3 d5 3. Bg2 b5 4. 0-0 Bb7 5. d4 e6 6. Ne5 c5 7. dxc5 Bxc5 8. a4 Nbd7 9. Nxd7 Qxd7 10. axb5 Qxb5 11. Nc3 Qd7 12. Na4 Be7 13. Be3 Qb5 14. b3 Ng4 15. Bd4 Bf6 16. e3 Bxd4 17. Qxd4 Nf6 18. c4 Qd7 19. Nc3 a6 20. Rfd1 Rd8 21. Na4 0-0 22. Nc5 Qc6 23. Nxb7 Qxb7 24. e4 Qxb3 25. cxd5 exd5 26. Rxa6 Qb5 27. Rb6 Qc4 28. exd5 Qxd4 29. Rxd4 Rfe8 30. Bf3 Nd7 31. Rb7 Ne5 32. Be4 Nc6 33. Ra4 Ne7 34. Ra5 f5 35. Bf3 Kf7 36. Ra6 Kf8 37. d6 Ng6 38. Bd5 Ne5 39. f4 Nd7 40. Raa7 Nf6 41. Rf7+ Kg8 42. Rxf6+ Kh8 43. Re6 Rf8 44. d7 Rf7 45. Re8+ Rf8 46. Rxf8+ Rxf8 47. Rc7 1-0